MARC details
| 000 -LEADER |
| fixed length control field |
01540nam a2200241 a 4500 |
| 008 - FIXED-LENGTH DATA ELEMENTS--GENERAL INFORMATION |
| fixed length control field |
120416s2002 ||||||||||||||||| || u |
| 050 ## - LIBRARY OF CONGRESS CALL NUMBER |
| Classification number |
ACU(05)B/2002/150 |
| 110 ## - MAIN ENTRY--CORPORATE NAME |
| Corporate name or jurisdiction name as entry element |
Association of Commonwealth Universities |
| 245 14 - TITLE STATEMENT |
| Title |
The Association of Commonwealth Universities bulletin |
| Statement of responsibility, etc. |
The Association of Commonwealth Universities |
| 246 ## - |
| -- |
A.C.U. bulletin of current documentation |
| 260 ## - PUBLICATION, DISTRIBUTION, ETC. |
| Place of publication, distribution, etc. |
London: |
| Name of publisher, distributor, etc. |
ACU |
| Date of publication, distribution, etc. |
2002 |
| 300 ## - PHYSICAL DESCRIPTION |
| Extent |
34p.: ill. |
| 350 ## - |
| -- |
0.00 |
| 362 1# - |
| -- |
No.150, Commodification and diversity-can we manage both? :No. 151, Universities and the media: are we getting through? No.152, which way forward for Universities? Autonomy: find your own funding, accountability: government funding. |
| 650 ## - SUBJECT ADDED ENTRY--TOPICAL TERM |
| Topical term or geographic name entry element |
MANAGEMENT INFORMATION SYSTEMS |
| 650 ## - SUBJECT ADDED ENTRY--TOPICAL TERM |
| Topical term or geographic name entry element |
COMMONWEALTH UNIVERSITIES--PERIODICALS |
| 780 ## - |
| -- |
A.C.U. bulletin of current documentation |
| 785 ## - |
| -- |
ACU Bulletin |
| 995 ## - |
| -- |
SPECIAL COLLECTIONS |
| -- |
4631 |
| -- |
CBU-MAIN LIBRARY (Kitwe) |
| -- |
0.00 |
| -- |
ACU(05)B/2002/150B |
| -- |
2 |
| -- |
AVAILABLE |
| -- |
Mar 31, 2022 |
| -- |
B4631 |
| -- |
International Publications |
| 995 ## - |
| -- |
SPECIAL COLLECTIONS |
| -- |
0.00 |
| -- |
03004607 |
| -- |
CBU-MAIN LIBRARY (Kitwe) |
| -- |
1 |
| -- |
0.00 |
| -- |
ACU(05)B/2002/150A |
| -- |
1 |
| -- |
AVAILABLE |
| -- |
Oct 5, 2009 |
| -- |
03004607 |
| -- |
International Publications |
| 995 ## - |
| -- |
SPECIAL COLLECTIONS |
| -- |
2124 |
| -- |
CBU-MAIN LIBRARY (Kitwe) |
| -- |
0.00 |
| -- |
ACU(05)B/2002/152 |
| -- |
4 |
| -- |
AVAILABLE |
| -- |
Feb 11, 2016 |
| -- |
B2124 |
| -- |
International Publications |
| 995 ## - |
| -- |
SPECIAL COLLECTIONS |
| -- |
03006852 |
| -- |
CBU-MAIN LIBRARY (Kitwe) |
| -- |
0.00 |
| -- |
ACU(05)B/2002/151 |
| -- |
3 |
| -- |
AVAILABLE |
| -- |
Feb 16, 2016 |
| -- |
03006852 |
| -- |
International Publications |
| 999 ## - |
| -- |
84426 |
| -- |
84426 |